| 000 | 00586nam a2200193 4500 | ||
|---|---|---|---|
| 003 | OSt | ||
| 005 | 20180118193024.0 | ||
| 008 | 180118b xxu||||| |||| 00| 0 eng d | ||
| 020 | _a978148344024 | ||
| 040 | _c040a | ||
| 082 |
_aWB 310 _bA38a 2016 |
||
| 100 |
_aAmery, Justin _912373 |
||
| 245 |
_aA really practical handbook of children's palliative care: _bfor Doctors and nursese anywhere in the world / |
||
| 260 |
_aMorrisville _bLulu publication _c2016 |
||
| 300 |
_axxi, 422p; _bill: _c20 cm |
||
| 504 | _aIncludes index | ||
| 650 |
_aPalliative care _91786 |
||
| 942 |
_2ddc _cO_SHELF |
||
| 999 |
_c5963 _d5963 |
||